Ανάλυση και σχεδιασμός σύνθετου πλακιδίου δαπέδου : μεταπτυχιακή διατριβή

Οι ινοσανίδες μέσης πυκνότητας (mdf) χρησιμοποιούνται όλο και περισσότερο σε πολλές εφαρμογές λόγω των μεγάλων πλεονεκτημάτων που παρουσιάζουν. Μία από τις εφαρμογές με μεγάλες απαιτήσεις αντοχής είναι η χρήση των mdf ως πλακίδια δαπέδου κυρίως για επαγγελματικούς χώρους. Η βιβλιογραφία δείχνει ότι...

Πλήρης περιγραφή

Αποθηκεύτηκε σε:
Λεπτομέρειες βιβλιογραφικής εγγραφής
Κύριος συγγραφέας: Λουκοπούλου, Παρασκευή
Συγγραφή απο Οργανισμό/Αρχή: Πανεπιστήμιο Αιγαίου. Τμήμα Μηχανικών Σχεδίασης Προϊόντων και Συστημάτων. Μεταπτυχιακό Πρόγραμμα Σπουδών στη Σχεδίαση Διαδραστικών και Βιομηχανικών Προϊόντων και Συστημάτων
Άλλοι συγγραφείς: Παπανίκος, Παρασκευάς (Εισηγητής διατριβής)
Μορφή: Thesis Βιβλίο
Γλώσσα:Greek
Δημοσίευση: 2008
Θέματα:
Διαθέσιμο Online:http://hdl.handle.net/11610/12759
Ετικέτες: Προσθήκη ετικέτας
Δεν υπάρχουν, Καταχωρήστε ετικέτα πρώτοι!

MARC

LEADER 00000cam a2200000 i 4500
001 1/97987
008 081124s2008 gre d
035 |l 10101922 
040 |a GR-MY-UA  |b gre  |e aacr 
041 0 |a gre 
082 0 |a 676.183  |2 (22) 
100 1 |a Λουκοπούλου, Παρασκευή. 
245 1 0 |a Ανάλυση και σχεδιασμός σύνθετου πλακιδίου δαπέδου :  |b μεταπτυχιακή διατριβή /  |c Λουκοπούλου Παρασκευή ; επιβλέπων: Παπανίκος Παρασκευάς 
260 |c 2008 
300 |a 85 φύλλα;  |b εικ.;  |c 30 εκ. 
500 |a Διάθεση πλήρους κειμένου περιορισμένης πρόσβασης (από μέλη του Πανεπιστήμιου Αιγαίου) 
502 |a Διατριβή (μεταπτυχιακή) – Πανεπιστήμιο Αιγαίου, Σύρος, 2008. 
504 |a Βιβλιογραφία: σ. 82-85 
520 |a Οι ινοσανίδες μέσης πυκνότητας (mdf) χρησιμοποιούνται όλο και περισσότερο σε πολλές εφαρμογές λόγω των μεγάλων πλεονεκτημάτων που παρουσιάζουν. Μία από τις εφαρμογές με μεγάλες απαιτήσεις αντοχής είναι η χρήση των mdf ως πλακίδια δαπέδου κυρίως για επαγγελματικούς χώρους. Η βιβλιογραφία δείχνει ότι η ασφαλής και βέλτιστη χρήση των ινοσανίδων βασίζεται κυρίως σε πειραματικά δεδομένα που αφορούν την μηχανική συμπεριφορά τους. Τα δεδομένα αυτά όμως δεν μπορούν να χρησιμοποιηθούν σε περιπτώσεις που η κατασκευή μας είναι πολύπλοκη είτε από πλευράς γεωμετρίας είτε από πλευράς συμπεριφοράς υλικού. Είναι λοιπόν αναγκαίο να αναπτυχθεί μια μεθοδολογία για την ανάλυση κατασκευών από mdf με σύγχρονες μεθόδους ανάλυσης, όπως η μέθοδος των πεπερασμένω στοιχείων. 
650 0 0 |a Fibrous composites. 
650 0 0 |a Fiberboard  |x Mechanical properties. 
650 0 0 |a Flooring, Tile. 
650 0 0 |a Finite element method. 
650 0 0 |a Dissertations, Academic  |z Greece. 
700 1 |4 ths  |a Παπανίκος, Παρασκευάς. 
710 2 |a Πανεπιστήμιο Αιγαίου.   |b Τμήμα Μηχανικών Σχεδίασης Προϊόντων και Συστημάτων.   |b Μεταπτυχιακό Πρόγραμμα Σπουδών στη Σχεδίαση Διαδραστικών και Βιομηχανικών Προϊόντων και Συστημάτων. 
852 |a INST  |b SYROS  |c DIATR  |e 20081124  |h 676.183 ΛΟΥ  |p 005500008903  |q 005500008903  |t MTXE  |y 23 
852 |a INST  |b SYROS  |c DIATR  |e 20081124  |h 676.183 ΛΟΥ  |p 005500008904  |q 005500008904  |t MTXE  |y 23 
856 |u http://hdl.handle.net/11610/12759 
901 |a BIBL5-2008-3 
901 |a BIBL5-2008-3 
909 |a Ε  |b 154394 
909 |a Ε  |b 154395 
924 |a ΛΟΥΚΟΠΟΥΛΟΥ  |b ΠΑΡΑΣΚΕΥΗ  |y ΣΥΡΟΣ  |z 2008-09 
970 |a ΚΟΝΤΟΥ  |b ΠΑΡΑΣΚΕΥΗ  |z 2008/11/24